National Flags with Birds - Statistics

General Stats
  • This quiz has been taken 30 times
  • The average score is 12 of 17
Answer Stats
Picture Answer % Correct
Albania
100%
Mexico
89%
Egypt
86%
Serbia
82%
Ecuador
79%
Montenegro
79%
Kazakhstan
75%
Zambia
75%
Moldova
71%
Zimbabwe
71%
Uganda
68%
Bolivia
64%
Dominica
64%
Papua New Guinea
64%
Fiji
61%
Guatemala
61%
Kiribati
54%
No matching quizzes found
Score Distribution
Percent of People with Each Score
Percentile by Number Answered
Your Score History
You have not taken this quiz